Hechos y estadísticas
Na minha lista:
| Autor principal: | |
|---|---|
| Formato: | Livro |
| Idioma: | espanhol |
| Publicado em: |
Buenos Aires
Eudeba
1970
|
| Edição: | 3a. ed |
| Assuntos: | |
| Tags: |
Adicionar Tag
Sem tags, seja o primeiro a adicionar uma tag!
|
MARC
| LEADER | 00000nam a2200000 a 4500 | ||
|---|---|---|---|
| 001 | UCP1028 | ||
| 003 | CL-VaPUC | ||
| 008 | 990326e19700000AG |||||||||||||||||spa|d | ||
| 082 | 0 | 4 | |a 519.5 |b MOR |2 21 |
| 100 | |a Moroney, Michael Joseph |e autor |9 426760 | ||
| 245 | 1 | 0 | |a Hechos y estadísticas |
| 250 | |a 3a. ed | ||
| 300 | |a 440 p | ||
| 942 | |c BK | ||
| 945 | |d 19990326 00:00:00 |a crobeson | ||
| 260 | |a Buenos Aires |b Eudeba |c 1970 | ||
| 650 | 0 | |a Estadística matemática |9 260028 | |
| 650 | 0 | |a Análisis de varianza |9 336938 | |
| 650 | 0 | |a Análisis de covarianza |9 354464 | |
| 650 | 7 | |a DISTRIBUCION |2 CL-VaPUC |9 263761 | |
| 650 | 0 | |a Teoría de probabilidades |9 336944 | |
| 583 | |a last modification |c 19990326 00:00:00 |k Rodrigo Vera | ||
| 999 | |c 279747 |d 279745 | ||
| 952 | |0 0 |1 0 |4 0 |6 519_500000000000000_MOR_1970 |7 0 |8 A |9 319524 |a BIBGIM |b BIBGIM |d 2019-11-20 |i 1333488 |o 519.5 MOR 1970 |p 1333488 |r 2025-01-15 |w 2019-11-20 |y BK |k EST | ||